000 01404nam0a2200349 4500
001 RU\NLR\BIBL_A\022734168
005 20260426072743.0
010 _a978-5-04-218132-0
_93000
021 _aRU
_bКН-П-25-080927
_9КН-П-25-7838
035 _a(NLR Aleph) 022734168
090 _a13693231
_c13693231
100 _a20260220d2025 u y0rusy50 ca
101 0 _arus
102 _aRU
105 _aac z 000zy
181 0 _ab3
_bxb2e
181 0 _ai1
_baxxe
182 0 _an
200 1 _aМозаичное вязание спицами от А до Я
_eполное практическое руководство
_eболее 50 узоров
_fМария Пугачева
203 _aТекст
_aИзображение
_bвизуальные
_cнепосредственные
210 _aМосква
_cЭксмо, Бомбора
_d2025
215 _a207 с.
_cцв. ил., портр.
_d22
225 1 _aВысшая лига рукоделия
_iСамоучители
333 _a12+
606 1 _aВязание спицами
_xУзоры
_92096124
_3RU\NLR\AUTH\661571764
606 1 _aЖенская одежда
_xВязание спицами
_92129440
_3RU\NLR\AUTH\661588849
686 1 _aМ483
700 1 _aПугачева
_bМ. А.
_gМария Анатольевна
942 _cBOOK
980 _aNB